Biblioteka Instytutu Północnego w Olsztynie

Tajemnice strażnicy WOP w Konarach (1945-1947) : (Rekord nr 27867)

Szczegóły MARC
000 -Nagłówek
fixed length control field 02437cam a2200541 i 4500
001 - Nr kontrolny bibl., która utworzyła rek.
control field xx004880015
003 - Siglum bibl., której nr kontr. jest w 001
control field NUKAT
005 - Data i czas ostatniej operacji
control field 20260429125404.0
008 - Elementy pola stałej długości
fixed length control field 200608s2020 pl a |001 0 pol c
020 ## - ISBN
ISBN 9788380988743
dopowiedzenie (oprawa twarda) :
warunki dostępności zł 30,00
035 ## - Systemowy numer kontrolny
systemowy numer kontrolny (OCoLC)1413926225
035 ## - Systemowy numer kontrolny
systemowy numer kontrolny (NUKAT)xx004880015
040 ## - Instytucja sporządzająca opis
Instytucja, która sporządziła opis KAT U/JP
język katalgowania-trzyzn. kod pol
zasady opisu rda
Instytucja, która sporządziła rekord KAT U/JPs
Instytucja, która zmodyfikowała rekord KAT U/JP
-- POZN U/EMs
-- WA 14/PTs
-- OLSZT 008/bak
045 2# - Okres czasu dla zawartości
czas między r. 9999 pne a nasz. czas. d1945
-- d1947
046 ## - Kod rodz. daty, data1, data2 (daty pne)
Begin/single date 2020
100 1# - Hasło główne-nazwa osobowa
Nazwa osobowa Ochał, Artur.
rodzaj współpracy Autor
9 (RLIN) 37321
245 10 - Tytuł właściwy i oznaczenie odpow.
tytuł Tajemnice strażnicy WOP w Konarach (1945-1947) :
dodatek do tytułu szabrownictwo, dezercje, morderstwa /
dod. inf. ze s. tyt./ozn. odpow. Artur Ochał.
260 ## - Adres wydawniczy
miejsce wydania, dystrybucji itp. Szczecin ;
-- Warszawa :
nazwa wydawcy, dystrybutora itp. Instytut Pamięci Narodowej - Komisja Ścigania Zbrodni przeciwko Narodowi Polskiemu. Oddział w Szczecinie,
data wydania, dystrybucji itp. 2020.
300 ## - Opis fizyczny
objętość i/lub forma materiału 222 strony :
inne szczegóły opisu fizycznego ilustracje (w tym kolorowe) ;
format 25 cm.
336 ## - Content Type
Term Tekst
Code txt
Source rdacontent
337 ## - Media Type
Term Bez urządzenia pośredniczącego
Code n
Source rdamedia
338 ## - Carrier Type
Term Wolumin
Code nc
Source rdacarrier
380 ## - Form of work
Form of work Książki
380 ## - Form of work
Form of work Publikacje naukowe
388 1# - TIME PERIOD OF CREATION
Time period of creation term 2001-
490 1# - Tytuł serii i ks. wielotom.-nie do wysz.
oznaczenie serii Centralny Projekt Badawczy IPN Wojsko Polskie w Strukturach Państwa w XX Wieku
504 ## - Uwaga o bibliografii
uwaga o bibliografii Bibliografia na stronach 203-207. Indeksy.
536 ## - Uwaga o finansowaniu dokumentu
tekst uwagi Publikacja powstała w ramach Centralnego Projektu Badawczego Instytutu Pamięci Narodowej "Wojsko Polskie w strukturach państwa w XX wieku"
600 17 - Hasło przedmiotowe-nazwa osobowa
nazwa osobowa Kajda, Jan
daty biograficzne (1916-2000)
źródło hasła DBN
9 (RLIN) 40870
610 27 - Hasło przedmiotowe-nazwa ciała zbior.
nazwa ciała zbior. lub geogr. Wojska Ochrony Pogranicza
źródło hasła DBN
9 (RLIN) 40871
610 17 - Hasło przedmiotowe-nazwa ciała zbior.
nazwa ciała zbior. lub geogr. Polska.
nazwa jednostki podrzędnej Wojska Ochrony Pogranicza
określnik chronologiczny 1945-1970.
źródło hasła kaba
9 (RLIN) 40872
610 17 - Hasło przedmiotowe-nazwa ciała zbior.
nazwa ciała zbior. lub geogr. Polska.
nazwa jednostki podrzędnej Wojska Ochrony Pogranicza.
-- 244 Strażnica.
źródło hasła kaba
9 (RLIN) 40873
648 #7 - SUBJECT ADDED ENTRY--CHRONOLOGICAL TERM
Chronological term 1901-2000
Source of heading or term DBN
9 (RLIN) 34996
648 #7 - SUBJECT ADDED ENTRY--CHRONOLOGICAL TERM
Chronological term 1945-1989
Source of heading or term DBN
9 (RLIN) 36043
650 #7 - Hasło przedmiotowe-nazwa pospolita
nazwa pospolita lub geogr. Dezercja
źródło hasła DBN
9 (RLIN) 40874
650 #7 - Hasło przedmiotowe-nazwa pospolita
nazwa pospolita lub geogr. Szabrownictwo
źródło hasła DBN
9 (RLIN) 40875
650 #7 - Hasło przedmiotowe-nazwa pospolita
nazwa pospolita lub geogr. Zabójstwo
źródło hasła DBN
9 (RLIN) 35886
650 #7 - Hasło przedmiotowe-nazwa pospolita
nazwa pospolita lub geogr. Dezercja
określnik geograficzny Polska
określnik chronologiczny 1945-1970.
źródło hasła kaba
9 (RLIN) 40876
651 #7 - Hasło przedmiotowe-nazwa geogr.
nazwa geograficzna Polska
źródło hasła DBN
9 (RLIN) 35076
651 #7 - Hasło przedmiotowe-nazwa geogr.
nazwa geograficzna Świerki (woj. dolnośląskie, pow. kłodzki, gm. Nowa Ruda)
źródło hasła DBN
9 (RLIN) 40877
655 #7 - Termin określający rodzaj/formę
rodzaj/forma Opracowanie
źródło terminu DBN
9 (RLIN) 35024
658 ## - Nazwa określająca cel programu nauczania
główny cel programu nauczania Bezpieczeństwo i wojskowość
658 ## - Nazwa określająca cel programu nauczania
główny cel programu nauczania Historia
710 2# - Hasło dodatkowe - nazwa ciała zbior.
nazwa ciała zbior. lub nazwa geogr. Instytut Pamięci Narodowej - Komisja Ścigania Zbrodni przeciwko Narodowi Polskiemu.
nazwa jednostki podrzędnej Oddział (Szczecin).
rodzaj współpracy Wydawca
kod rodzaju współpracy pbl
9 (RLIN) 14486
830 #0 - Hasło dod. serii i op. ks. wielotom. -tyt
tytuł Wojsko Polskie w Strukturach Państwa w XX Wieku
9 (RLIN) 39460
920 ## - ISBN
ISBN 978-83-8098-874-3 (oprawa twarda) : zł 30,00
942 ## - ADDED ENTRY ELEMENTS (KOHA)
Source of classification or shelving scheme Dewey Decimal Classification
Koha item type pozycje dostępne na miejscu
Egzemplarze
Status wycofania Status zagubienia Klasyfikacja Status uszkodzenia Blokada wypożyczeń Kolekcja Lokalizacja macierzysta Lokalizacja bieżąca Data nabycia Numer akcesji Źródło akcesji Cena Nr inwentarzowy il. wypożyczeń Sygnatura Kod kreskowy Date last seen Price effective from Typ egz.
    Dewey Decimal Classification nieuszkodzona   książka w magazynie Biblioteka Instytutu Północnego w Olsztynie Biblioteka Instytutu Północnego w Olsztynie 30/11/2020 D-36/2020 dar 30.00 59970   59970 IPWK24074 29/04/2026 29/04/2026 pozycje dostępne na miejscu
Biblioteka Instytutu Północnego, ul. Partyzantów 87, 10-402 Olsztyn, email: biblioteka(at)ip.olsztyn.pl